[Event "British Chess Championships 2023: Major Open"]
[Site "The Venue, De Montfort University, 20 Western Boulevard, Leicester, LE2 7BU"]
[Date "2023.07.24"]
[Round "3"]
[Board "24"]
[White "Pattni, Kishan"]
[Black "Gibson, Christopher A"]
[Result "1/2-1/2"]
[WhiteElo "1593"]
[BlackElo "1820"]
[PlyCount "75"]
[EventDate "2023.07.22"]
[EventRounds "9"]
[EventCountry "ENG"]

1. b3 Nf6 2. Bb2 d6 3. f4 e5 4. fxe5 dxe5 5. Bxe5 Ng4 6. Bg3 Qf6 7. Nc3 Ne3 8.
dxe3 Qxc3+ 9. Kf2 Bc5 10. Bf4 Qf6 11. Kg3 g5 12. Bxc7 Bxe3 13. Nf3 h5 14. h4
Bf4+ 15. Bxf4 Qxf4+ 16. Kf2 g4 17. Qd4 Qxd4+ 18. Nxd4 Bd7 19. g3 Nc6 20. Nxc6
Bxc6 21. Bg2 Rh6 22. Bxc6+ Rxc6 23. c4 O-O-O 24. Rhd1 Rf6+ 25. Ke1 Re8 26. Rd2
Re3 27. Rad1 Rxg3 28. Rd8+ Kc7 29. R1d7+ Kc6 30. b4 Ra3 31. Rd5 Rxa2 32. Rc8+
Kb6 33. Rb5+ Ka6 34. Rcc5 Rf4 35. Rc7 g3 36. Rbxb7 g2 37. Rxa7+ Kb6 38. Rab7+
 1/2-1/2

[Event "British Chess Championships 2023: Major Open"]
[Site "The Venue, De Montfort University, 20 Western Boulevard, Leicester, LE2 7BU"]
[Date "2023.07.24"]
[Round "3"]
[Board "25"]
[White "Chantrell, Paul"]
[Black "Subramanian, Anusha"]
[Result "0-1"]
[WhiteElo "1576"]
[BlackElo "1818"]
[PlyCount "74"]
[EventDate "2023.07.22"]
[EventRounds "9"]
[EventCountry "ENG"]

1. Nf3 d5 2. g3 c5 3. Bg2 Nf6 4. O-O Nc6 5. d3 a5 6. a4 e5 7. Nbd2 Bd6 8. Re1
O-O 9. h3 Re8 10. e4 h6 11. exd5 Nxd5 12. Nc4 Bc7 13. Na3 Bf5 14. Nd2 Qd7 15.
Kh2 Ndb4 16. Ne4 Bxe4 17. Bxe4 Rad8 18. Be3 f5 19. Bg2 b6 20. Nb5 Bb8 21. Bd2
Na6 22. Bc3 Nd4 23. Bxd4 cxd4 24. Qf3 Nb4 25. Re2 Rc8 26. Rc1 Rc5 27. Qb7 Qd8
28. Rd2 Qg5 29. Rcd1 f4 30. Na3 fxg3+ 31. Kh1 Rf8 32. f3 Nd5 33. Nc4 Qf6 34.
Qd7 h5 35. Re2 Nf4 36. Re4 Nxg2 37. Kxg2 Qxf3+  0-1

[Event "British Chess Championships 2023: Major Open"]
[Site "The Venue, De Montfort University, 20 Western Boulevard, Leicester, LE2 7BU"]
[Date "2023.07.24"]
[Round "3"]
[Board "27"]
[White "Sheikh, Anum"]
[Black "Badacsonyi, Stanley"]
[Result "0-1"]
[WhiteElo "1744"]
[BlackElo "1976"]
[PlyCount "66"]
[EventDate "2023.07.22"]
[EventRounds "9"]
[EventCountry "ENG"]

1. e4 e6 2. d3 d5 3. Nd2 c5 4. Ngf3 Nc6 5. g3 g6 6. Bg2 Nge7 7. O-O Bg7 8. Re1
O-O 9. c3 Qc7 10. Nf1 Rd8 11. Qc2 b6 12. Qe2 h6 13. h4 e5 14. N1h2 dxe4 15.
dxe4 a5 16. b3 Ba6 17. c4 Bc8 18. Be3 Be6 19. Red1 Nd4 20. Qb2 a4 21. Kh1 Nec6
22. Ne1 Na5 23. Bxd4 cxd4 24. Nd3 axb3 25. axb3 b5 26. cxb5 Nxb3 27. Rxa8 Rxa8
28. f4 Qc3 29. Nf3 Bc4 30. Nfxe5 Bxe5 31. Qxc3 dxc3 32. Nxe5 c2 33. Re1 Bxb5
 0-1

[Event "British Chess Championships 2023: Major Open"]
[Site "The Venue, De Montfort University, 20 Western Boulevard, Leicester, LE2 7BU"]
[Date "2023.07.24"]
[Round "3"]
[Board "28"]
[White "Pal, Rohan"]
[Black "Garnett, John S"]
[Result "1/2-1/2"]
[WhiteElo "1966"]
[BlackElo "1831"]
[PlyCount "99"]
[EventDate "2023.07.22"]
[EventRounds "9"]
[EventCountry "ENG"]

1. e4 d5 2. exd5 Nf6 3. Nf3 Qxd5 4. Nc3 Qd6 5. d4 c6 6. Ne5 Nbd7 7. Bf4 Nd5 8.
Nxd5 Qxd5 9. Nf3 Nf6 10. Bd3 Bg4 11. h3 Bxf3 12. Qxf3 Qxd4 13. O-O-O Qc5 14.
Rhe1 e6 15. Be5 Be7 16. Bf1 O-O 17. Bd3 Rad8 18. g4 Nd7 19. Bc7 Rc8 20. Bxh7+
Kxh7 21. Rxd7 Bf6 22. Qe4+ Kg8 23. Be5 Bxe5 24. Qxe5 Qb6 25. Qe3 Qa5 26. Kb1
Rb8 27. g5 Rfd8 28. Rxd8+ Rxd8 29. g6 Qd5 30. gxf7+ Kxf7 31. a3 b6 32. Qf4+ Kg8
33. Qg4 Kf7 34. Rg1 Rg8 35. Rd1 Qf5 36. Rd7+ Kf6 37. Qh4+ g5 38. Qd4+ Kg6 39.
h4 c5 40. Qc4 Rg7 41. Rxg7+ Kxg7 42. hxg5 Qxg5 43. Qxe6 Qg1+ 44. Ka2 Qxf2 45.
Qe7+ Qf7+ 46. Qxf7+ Kxf7 47. Kb3 Ke6 48. Kc4 a6 49. a4 Kd6 50. c3  1/2-1/2

[Event "British Chess Championships 2023: Major Open"]
[Site "The Venue, De Montfort University, 20 Western Boulevard, Leicester, LE2 7BU"]
[Date "2023.07.24"]
[Round "3"]
[Board "29"]
[White "Davis, Timothy J"]
[Black "Green, Michael"]
[Result "0-1"]
[WhiteElo "1737"]
[BlackElo "1923"]
[PlyCount "62"]
[EventDate "2023.07.22"]
[EventRounds "9"]
[EventCountry "ENG"]

1. d4 Nf6 2. c4 c5 3. d5 e6 4. Nc3 exd5 5. cxd5 d6 6. e4 g6 7. f4 Bg7 8. Bb5+
Nbd7 9. a4 O-O 10. Nf3 a6 11. Bd3 Re8 12. O-O c4 13. Bc2 Qb6+ 14. Kh1 Ng4 15.
Qe2 f5 16. h3 Nh6 17. Qxc4 fxe4 18. Nxe4 Nf5 19. Kh2 Nf6 20. a5 Qd8 21. g4 Nxe4
22. Bxe4 Nd4 23. Bd3 Nxf3+ 24. Rxf3 Bxg4 25. hxg4 Rc8 26. Qb3 Qh4+ 27. Kg2 Re1
28. Rh3 Qxg4+ 29. Rg3 Rg1+ 30. Kxg1 Qxg3+ 31. Kh1 Bd4  0-1

[Event "British Chess Championships 2023: Major Open"]
[Site "The Venue, De Montfort University, 20 Western Boulevard, Leicester, LE2 7BU"]
[Date "2023.07.24"]
[Round "3"]
[Board "30"]
[White "Dayal, Samar"]
[Black "Larkin, Benjamin"]
[Result "1-0"]
[WhiteElo "1433"]
[BlackElo "1850"]
[PlyCount "51"]
[EventDate "2023.07.22"]
[EventRounds "9"]
[EventCountry "ENG"]

1. e4 c6 2. d4 d5 3. exd5 cxd5 4. c4 Nf6 5. Nc3 Nc6 6. Nf3 Bg4 7. cxd5 Nxd5 8.
Qb3 Bxf3 9. gxf3 e6 10. Qxb7 Nxd4 11. Bb5+ Nxb5 12. Qc6+ Ke7 13. Qxb5 Qd7 14.
Nxd5+ Qxd5 15. Bg5+ f6 16. Qxd5 exd5 17. Be3 Ke6 18. O-O-O Bb4 19. Rd3 Rhc8+
20. Kb1 Bc5 21. Re1 Kd6 22. Bf4+ Kc6 23. Rc1 Kb6 24. Rb3+ Ka6 25. Rbc3 Kb6 26.
Rxc5  1-0

[Event "British Chess Championships 2023: Major Open"]
[Site "The Venue, De Montfort University, 20 Western Boulevard, Leicester, LE2 7BU"]
[Date "2023.07.24"]
[Round "3"]
[Board "31"]
[White "Sinclair, Colin"]
[Black "Mccarthy, Damian M"]
[Result "0-1"]
[WhiteElo "1652"]
[BlackElo "1838"]
[PlyCount "112"]
[EventDate "2023.07.22"]
[EventRounds "9"]
[EventCountry "ENG"]

1. b3 c5 2. Bb2 d6 3. e3 Nf6 4. c4 g6 5. Bxf6 exf6 6. Nc3 Bg7 7. g3 O-O 8. Rc1
Re8 9. Bg2 Nc6 10. Nge2 Bg4 11. h3 Bxe2 12. Qxe2 Qd7 13. O-O f5 14. Nd5 Rab8
15. Qd1 b5 16. d3 Ne7 17. Kh2 Nxd5 18. Bxd5 b4 19. Qf3 Qe7 20. Kg2 Qf6 21. Rc2
Re7 22. e4 Re5 23. Qe3 fxe4 24. dxe4 Re7 25. f4 Rf8 26. g4 Qh4 27. Qg3 Qxg3+
28. Kxg3 Kh8 29. f5 Be5+ 30. Kg2 gxf5 31. Rxf5 f6 32. Kf3 h6 33. h4 Rh7 34. Rg2
Kg7 35. Ke2 Bd4 36. Rg3 Be5 37. Rgf3 Bd4 38. Kd3 Be5 39. Rh5 Bd4 40. Rhf5 Be5
41. g5 hxg5 42. hxg5 Kg6 43. Rf2 Rh3+ 44. Kc2 Rg3 45. gxf6 Rxf6 46. Kb1 Rxf5
47. exf5+ Kg5 48. Be6 Bd4 49. Rf1 Rg2 50. Bd7 Rb2+ 51. Kc1 Rxa2 52. Rf3 Kg4 53.
Rd3 Kf4 54. Rxd4+ cxd4 55. f6 Ke3 56. f7 Rf2  0-1

[Event "British Chess Championships 2023: Major Open"]
[Site "The Venue, De Montfort University, 20 Western Boulevard, Leicester, LE2 7BU"]
[Date "2023.07.24"]
[Round "3"]
[Board "32"]
[White "Young, Daniel J"]
[Black "Laronde-Bennett, Sebastian"]
[Result "1-0"]
[WhiteElo "1913"]
[BlackElo "1613"]
[PlyCount "93"]
[EventDate "2023.07.22"]
[EventRounds "9"]
[EventCountry "ENG"]

1. e4 c5 2. d4 cxd4 3. c3 dxc3 4. Nxc3 Nc6 5. Nf3 e6 6. Bc4 Bb4 7. O-O Bxc3 8.
bxc3 Nge7 9. Qd6 O-O 10. Bg5 Re8 11. Rfd1 a6 12. a4 b6 13. Rab1 Ra7 14. Be3 Qc7
15. Qxc7 Rxc7 16. Bxb6 Rb7 17. Bxa6 Rb8 18. Bxc8 Nxc8 19. Bc7 Ra8 20. a5 Ra7
21. Rxd7 Nxa5 22. Ra1 Nc6 23. Rxa7 N8xa7 24. c4 Nc8 25. Kf1 h6 26. h4 N8e7 27.
Ke2 Ra8 28. Bd6 Nc8 29. Bc5 Rb8 30. Rc7 Na5 31. Ne5 Nb3 32. Nd7 Ra8 33. Bb4 f6
34. c5 e5 35. Nb6 Nxb6 36. cxb6 Nd4+ 37. Kd3 Nb5 38. Rd7 Rb8 39. b7 h5 40. Kc4
Na7 41. Bd6 Rxb7 42. Rxb7 Nc6 43. Kd5 Nd4 44. g3 Kh7 45. Bf8 Kg8 46. Bxg7 Nf3
47. Bxf6  1-0

[Event "British Chess Championships 2023: Major Open"]
[Site "The Venue, De Montfort University, 20 Western Boulevard, Leicester, LE2 7BU"]
[Date "2023.07.24"]
[Round "3"]
[Board "33"]
[White "Pink, Joshua"]
[Black "Twisk, Sebastian"]
[Result "1-0"]
[WhiteElo "1890"]
[BlackElo "1599"]
[PlyCount "49"]
[EventDate "2023.07.22"]
[EventRounds "9"]
[EventCountry "ENG"]

1. e4 c6 2. Nc3 d5 3. Qf3 Nf6 4. Bd3 e6 5. Qg3 Nbd7 6. e5 Ng8 7. f4 g6 8. Nf3
Ne7 9. O-O a6 10. b3 c5 11. Bb2 b5 12. Rae1 c4 13. Be2 Nc6 14. f5 gxf5 15. Nxd5
cxb3 16. axb3 h5 17. Nf6+ Nxf6 18. exf6 Qd6 19. Ne5 Nxe5 20. Bxe5 Qc5+ 21. d4
Qxc2 22. Bf3 Ra7 23. Rc1 h4 24. Qf4 Bh6 25. Rxc2  1-0

[Event "British Chess Championships 2023: Major Open"]
[Site "The Venue, De Montfort University, 20 Western Boulevard, Leicester, LE2 7BU"]
[Date "2023.07.24"]
[Round "3"]
[Board "34"]
[White "Pilley, Jack"]
[Black "Berkley, Stephen W"]
[Result "1-0"]
[WhiteElo "1785"]
[BlackElo "1587"]
[PlyCount "93"]
[EventDate "2023.07.22"]
[EventRounds "9"]
[EventCountry "ENG"]

1. e4 e6 2. d4 d5 3. Nd2 Nf6 4. e5 Nfd7 5. Bd3 c5 6. c3 Nc6 7. Ngf3 Rb8 8. Qe2
a6 9. O-O b5 10. a4 c4 11. Bc2 b4 12. Re1 h6 13. Nf1 Na5 14. N3d2 b3 15. Bb1
Nb6 16. f4 g6 17. g4 Bd7 18. f5 gxf5 19. gxf5 Qc8 20. fxe6 Bxe6 21. Ng3 Kd8 22.
Nf3 Kc7 23. Nh4 Qd8 24. Nhf5 Nc6 25. Rf1 Nc8 26. Nh5 Kb7 27. Nf6 N6e7 28. Be3
Nxf5 29. Bxf5 Ne7 30. Bg4 Qc8 31. Bf3 Ka7 32. Kh1 Bg7 33. Nh5 Bf8 34. Nf4 Qd7
35. Nxe6 fxe6 36. Bg4 Nc6 37. Rf6 Nd8 38. Bh5 Rb7 39. Qd2 Qe7 40. Qg2 Bg7 41.
Rg6 Qh4 42. Qg4 Qe7 43. Bf2 Qf8 44. Bh4 Rg8 45. Bxd8 Qxd8 46. Qxe6 Rb6 47.
Qxb6+  1-0

[Event "British Chess Championships 2023: Major Open"]
[Site "The Venue, De Montfort University, 20 Western Boulevard, Leicester, LE2 7BU"]
[Date "2023.07.24"]
[Round "3"]
[Board "35"]
[White "Graham, Danny"]
[Black "Gonzales, Ceferino"]
[Result "1-0"]
[WhiteElo "1715"]
[BlackElo "1493"]
[PlyCount "115"]
[EventDate "2023.07.22"]
[EventRounds "9"]
[EventCountry "ENG"]

1. d4 Nf6 2. c4 d6 3. Bg5 Ne4 4. Bh4 c6 5. Nf3 g6 6. e3 Bg7 7. Bd3 Qa5+ 8. Nbd2
Nxd2 9. Qxd2 Qc7 10. O-O O-O 11. h3 e5 12. d5 f5 13. Be2 c5 14. Rab1 e4 15. Ne1
Nd7 16. Nc2 h6 17. b4 b6 18. Kh1 g5 19. Bg3 Nf6 20. Na3 a6 21. b5 a5 22. Qd1
Bd7 23. Nc2 Be8 24. a3 Bg6 25. Rb3 Rad8 26. Bh2 Qf7 27. g3 Nd7 28. Rb1 Be5 29.
Rg1 Kh7 30. Qd2 Qf6 31. Rbf1 Bc3 32. Qd1 Ne5 33. Ne1 Rde8 34. Qc1 Nd7 35. Ng2
Be5 36. Qd1 Rf7 37. Qe1 Qe7 38. Qd1 Ref8 39. Qc1 Rf6 40. Qd2 R8f7 41. Qc1 Qf8
42. Qd2 f4 43. exf4 gxf4 44. Nxf4 Bxf4 45. gxf4 Rxf4 46. Bxf4 Rxf4 47. Qe3 Ne5
48. Rg2 Nf3 49. Rg4 Rxg4 50. hxg4 Qf6 51. Bxf3 exf3 52. g5 Qe5 53. Qxe5 dxe5
54. gxh6 e4 55. Re1 Kxh6 56. d6 Bf5 57. Rxe4 Kg5 58. Re5  1-0

[Event "British Chess Championships 2023: Major Open"]
[Site "The Venue, De Montfort University, 20 Western Boulevard, Leicester, LE2 7BU"]
[Date "2023.07.25"]
[Round "4"]
[Board "1"]
[White "Rathbone-Jones, Ifan"]
[Black "Dilley, Jason M"]
[Result "1/2-1/2"]
[WhiteElo "1925"]
[BlackElo "2034"]
[PlyCount "0"]
[EventDate "2023.07.22"]
[EventRounds "9"]
[EventCountry "ENG"]

1. d4 {[%clk 1:30:58]} d5 {[%clk 1:30:46]} 2. Nf3 {[%clk 1:31:19]} Nf6 {[%clk
1:30:51]} 3. g3 {[%clk 1:31:42]} e6 {[%clk 1:28:47]} 4. c4 {[%clk 1:32:07]} dxc4
{[%clk 1:27:53]} 5. Bg2 {[%clk 1:32:32]} c5 {[%clk 1:26:51]} 6. Qa4+ {[%clk
1:30:46]} Bd7 {[%clk 1:23:04]} 7. Qxc4 {[%clk 1:31:07]} b5 {[%clk 1:18:47]} 8.
Qc2 {[%clk 1:31:29]} Na6 {[%clk 1:18:02]} 9. O-O {[%clk 1:24:50]} Rc8 {[%clk
1:14:56]} 10. Qd1 {[%clk 1:16:13]} Qb6 {[%clk 1:03:22]} 11. Bg5 {[%clk 1:08:40]}
Bc6 {[%clk 0:48:09]} 12. Bxf6 {[%clk 1:03:10]} gxf6 {[%clk 0:48:29]} 13. e4
{[%clk 1:01:37]} Bxe4 {[%clk 0:46:53]} 14. Nc3 {[%clk 0:59:01]} Bb7 {[%clk
0:41:18]} 15. d5 {[%clk 0:56:27]} Rd8 {[%clk 0:39:15]} 16. Re1 {[%clk 0:47:02]}
Be7 {[%clk 0:38:13]} 17. Nh4 {[%clk 0:41:48]} Nc7 {[%clk 0:33:05]} 18. Qg4 {[%clk
0:38:47]} Nxd5 {[%clk 0:28:07]} 19. Nxd5 {[%clk 0:37:56]} Bxd5 {[%clk 0:28:29]}
20. Qg7 {[%clk 0:38:18]} Rf8 {[%clk 0:27:53]} 21. Qxh7 {[%clk 0:37:45]} Bxg2
{[%clk 0:23:00]} 22. Nxg2 {[%clk 0:38:11]} f5 {[%clk 0:19:41]} 23. Nf4 {[%clk
0:37:06]} Rd6 {[%clk 0:19:12]} 24. Qg7 {[%clk 0:33:23]} Qd8 {[%clk 0:17:11]} 25.
Qe5 {[%clk 0:32:16]} Rd4 {[%clk 0:15:46]} 26. Qe2 {[%clk 0:27:39]}  1/2-1/2

[Event "British Chess Championships 2023: Major Open"]
[Site "The Venue, De Montfort University, 20 Western Boulevard, Leicester, LE2 7BU"]
[Date "2023.07.25"]
[Round "4"]
[Board "2"]
[White "Rubeck, Jonathan"]
[Black "Verma, Shlok"]
[Result "0-1"]
[WhiteElo "1760"]
[BlackElo "2000"]
[PlyCount "0"]
[EventDate "2023.07.22"]
[EventRounds "9"]
[EventCountry "ENG"]

1. e4 {[%clk 1:27:09]} e6 {[%clk 1:30:58]} 2. d3 {[%clk 1:27:33]} d5 {[%clk
1:31:24]} 3. Nd2 {[%clk 1:27:58]} Nf6 {[%clk 1:31:47]} 4. Ngf3 {[%clk 1:28:15]}
c5 {[%clk 1:32:06]} 5. g3 {[%clk 1:28:39]} Nc6 {[%clk 1:32:27]} 6. Bg2 {[%clk
1:29:04]} Be7 {[%clk 1:32:53]} 7. O-O {[%clk 1:29:21]} O-O {[%clk 1:33:17]} 8. e5
{[%clk 1:29:36]} Nd7 {[%clk 1:33:41]} 9. Re1 {[%clk 1:29:55]} b5 {[%clk 1:34:06]}
10. Nf1 {[%clk 1:30:02]} a5 {[%clk 1:34:28]} 11. Bf4 {[%clk 1:30:04]} b4 {[%clk
1:33:06]} 12. h4 {[%clk 1:30:21]} Re8 {[%clk 1:30:08]} 13. h5 {[%clk 1:29:07]}
Ba6 {[%clk 1:28:20]} 14. Ne3 {[%clk 1:26:04]} Nb6 {[%clk 1:26:59]} 15. g4 {[%clk
1:25:16]} f6 {[%clk 1:15:31]} 16. Rb1 {[%clk 1:21:05]} fxe5 {[%clk 1:12:00]} 17.
Nxe5 {[%clk 1:20:47]} Nxe5 {[%clk 1:12:25]} 18. Bxe5 {[%clk 1:20:54]} Bf6 {[%clk
1:12:38]} 19. Bxf6 {[%clk 1:17:22]} Qxf6 {[%clk 1:12:53]} 20. Qf3 {[%clk
1:17:26]} Rad8 {[%clk 1:12:30]} 21. Qxf6 {[%clk 1:15:17]} gxf6 {[%clk 1:12:58]}
22. f4 {[%clk 1:15:30]} Kf7 {[%clk 1:12:11]} 23. b3 {[%clk 1:08:40]} Rg8 {[%clk
0:52:44]} 24. Bf3 {[%clk 1:08:20]} d4 {[%clk 0:52:22]} 25. Ng2 {[%clk 1:03:25]}
Nd5 {[%clk 0:51:52]} 26. Kf2 {[%clk 1:02:23]} Bb7 {[%clk 0:51:13]} 27. Ra1 {[%clk
1:01:10]} Ra8 {[%clk 0:45:58]} 28. Kg3 {[%clk 0:58:33]} a4 {[%clk 0:43:59]} 29.
Kf2 {[%clk 0:55:08]} Ra7 {[%clk 0:42:31]} 30. Rac1 {[%clk 0:52:41]} Nc3 {[%clk
0:39:34]} 31. Ra1 {[%clk 0:48:45]} Bxf3 {[%clk 0:38:49]} 32. Kxf3 {[%clk
0:49:03]} Rga8 {[%clk 0:39:04]} 33. g5 {[%clk 0:49:07]} axb3 {[%clk 0:39:11]} 34.
cxb3 {[%clk 0:48:55]} Rxa2 {[%clk 0:39:34]} 35. Rxa2 {[%clk 0:49:11]} Rxa2 {[%clk
0:39:59]} 36. g6+ {[%clk 0:49:31]} hxg6 {[%clk 0:40:09]} 37. hxg6+ {[%clk
0:49:51]} Kxg6 {[%clk 0:40:12]} 38. Rxe6 {[%clk 0:50:03]} Rd2 {[%clk 0:39:19]}
39. Ne1 {[%clk 0:49:52]} Rb2 {[%clk 0:39:01]} 40. Rc6 {[%clk 0:50:09]} Rxb3
{[%clk 0:38:53]} 41. Rxc5 {[%clk 0:50:29]} Rb1 {[%clk 0:38:20]} 42. Nc2 {[%clk
0:50:20]} b3 {[%clk 0:38:30]} 43. f5+ {[%clk 0:43:26]} Kh6 {[%clk 0:38:20]} 44.
Na3 {[%clk 0:40:44]} b2 {[%clk 0:37:38]} 45. Nxb1 {[%clk 0:36:15]} Nxb1 {[%clk
0:37:43]} 46. Kf4 {[%clk 0:35:34]} Nc3 {[%clk 0:37:52]}  0-1

[Event "British Chess Championships 2023: Major Open"]
[Site "The Venue, De Montfort University, 20 Western Boulevard, Leicester, LE2 7BU"]
[Date "2023.07.25"]
[Round "4"]
[Board "3"]
[White "Lewis, Andrew P"]
[Black "Sugden, John N"]
[Result "1-0"]
[WhiteElo "2235"]
[BlackElo "1977"]
[PlyCount "0"]
[EventDate "2023.07.22"]
[EventRounds "9"]
[EventCountry "ENG"]

1. Nf3 {[%clk 1:30:54]} c5 {[%clk 1:30:17]} 2. c4 {[%clk 1:31:14]} Nc6 {[%clk
1:29:34]} 3. Nc3 {[%clk 1:31:33]} g6 {[%clk 1:27:47]} 4. g3 {[%clk 1:31:51]} Bg7
{[%clk 1:27:46]} 5. Bg2 {[%clk 1:32:08]} e6 {[%clk 1:19:20]} 6. d4 {[%clk
1:31:08]} cxd4 {[%clk 1:14:04]} 7. Nb5 {[%clk 1:30:53]} d6 {[%clk 1:12:10]} 8.
Nfxd4 {[%clk 1:14:27]} Nxd4 {[%clk 1:11:48]} 9. Nxd4 {[%clk 1:14:43]} a6 {[%clk
1:10:34]} 10. O-O {[%clk 1:11:00]} Ne7 {[%clk 1:10:20]} 11. Be3 {[%clk 1:02:23]}
Qc7 {[%clk 1:05:04]} 12. Rc1 {[%clk 0:57:45]} Bd7 {[%clk 1:02:31]} 13. Qd2 {[%clk
0:56:02]} Nc6 {[%clk 0:53:13]} 14. Rfd1 {[%clk 0:54:25]} Rd8 {[%clk 0:50:27]} 15.
Nf3 {[%clk 0:47:53]} Bc8 {[%clk 0:50:19]} 16. Bh6 {[%clk 0:46:54]} O-O {[%clk
0:49:45]} 17. h4 {[%clk 0:46:29]} f6 {[%clk 0:44:12]} 18. Bxg7 {[%clk 0:44:32]}
Kxg7 {[%clk 0:43:41]} 19. Nd4 {[%clk 0:44:30]} e5 {[%clk 0:40:28]} 20. Nc2 {[%clk
0:42:12]} Be6 {[%clk 0:39:14]} 21. Ne3 {[%clk 0:42:15]} Ne7 {[%clk 0:30:49]} 22.
h5 {[%clk 0:40:42]} Qd7 {[%clk 0:27:38]} 23. h6+ {[%clk 0:35:43]} Kg8 {[%clk
0:26:39]} 24. Qb4 {[%clk 0:33:46]} Nc6 {[%clk 0:26:06]} 25. Qb6 {[%clk 0:33:04]}
Nd4 {[%clk 0:23:30]} 26. Rd2 {[%clk 0:31:55]} Rb8 {[%clk 0:20:40]} 27. Nd5 {[%clk
0:30:59]} Bxd5 {[%clk 0:16:56]} 28. Bxd5+ {[%clk 0:30:48]} Kh8 {[%clk 0:17:16]}
29. Bg2 {[%clk 0:20:36]} Qd8 {[%clk 0:09:27]} 30. Qb4 {[%clk 0:16:23]} Nf5 {[%clk
0:05:39]} 31. Rcd1 {[%clk 0:13:21]} Qe7 {[%clk 0:04:40]} 32. Qb6 {[%clk 0:10:40]}
Nxh6 {[%clk 0:02:07]} 33. Rxd6 {[%clk 0:10:39]} Rf7 {[%clk 0:01:53]} 34. Bd5
{[%clk 0:05:59]} Rff8 {[%clk 0:02:05]} 35. Be6 {[%clk 0:05:38]} Nf7 {[%clk
0:01:01]} 36. Rd7 {[%clk 0:04:01]} Qe8 {[%clk 0:01:15]} 37. Bxf7 {[%clk 0:03:51]}
 1-0

[Event "British Chess Championships 2023: Major Open"]
[Site "The Venue, De Montfort University, 20 Western Boulevard, Leicester, LE2 7BU"]
[Date "2023.07.25"]
[Round "4"]
[Board "4"]
[White "Sedykh, Mikhail"]
[Black "Brewer, Callum D"]
[Result "1/2-1/2"]
[WhiteElo "2084"]
[BlackElo "2132"]
[PlyCount "0"]
[EventDate "2023.07.22"]
[EventRounds "9"]
[EventCountry "ENG"]

1. d4 {[%clk 1:30:53]} Nf6 {[%clk 1:30:58]} 2. c4 {[%clk 1:31:19]} e6 {[%clk
1:31:22]} 3. Nc3 {[%clk 1:31:44]} Bb4 {[%clk 1:31:41]} 4. Qc2 {[%clk 1:32:03]}
O-O {[%clk 1:32:00]} 5. Nf3 {[%clk 1:32:32]} c5 {[%clk 1:31:34]} 6. dxc5 {[%clk
1:32:53]} Na6 {[%clk 1:31:58]} 7. g3 {[%clk 1:32:56]} Nxc5 {[%clk 1:32:16]} 8.
Bg2 {[%clk 1:33:21]} Nce4 {[%clk 1:31:24]} 9. O-O {[%clk 1:32:56]} Bxc3 {[%clk
1:30:43]} 10. bxc3 {[%clk 1:33:22]} Qc7 {[%clk 1:30:37]} 11. Nd2 {[%clk 1:11:15]}
Nxd2 {[%clk 1:24:42]} 12. Bxd2 {[%clk 1:10:23]} Qxc4 {[%clk 1:19:45]} 13. Bg5
{[%clk 0:58:23]} Nd5 {[%clk 1:09:51]} 14. Rac1 {[%clk 0:51:51]} f6 {[%clk
1:03:07]} 15. e4 {[%clk 0:31:17]} Nb6 {[%clk 1:02:03]} 16. Be3 {[%clk 0:22:13]}
e5 {[%clk 0:56:43]} 17. Rfd1 {[%clk 0:19:54]} d6 {[%clk 0:41:58]} 18. Rxd6 {[%clk
0:18:31]} Be6 {[%clk 0:42:14]} 19. a4 {[%clk 0:15:53]} Rad8 {[%clk 0:36:08]} 20.
Bf1 {[%clk 0:10:16]} Qc8 {[%clk 0:34:51]} 21. Rxd8 {[%clk 0:10:13]} Rxd8 {[%clk
0:34:43]} 22. c4 {[%clk 0:09:34]} Qc6 {[%clk 0:26:32]} 23. a5 {[%clk 0:05:56]}
Nd7 {[%clk 0:24:09]} 24. c5 {[%clk 0:05:10]} Rc8 {[%clk 0:21:32]} 25. Qb1 {[%clk
0:05:14]} a6 {[%clk 0:17:22]} 26. Qb4 {[%clk 0:05:36]} Kh8 {[%clk 0:14:57]} 27.
h4 {[%clk 0:05:31]} h6 {[%clk 0:14:40]} 28. Kh2 {[%clk 0:04:49]} Rc7 {[%clk
0:13:16]} 29. Rd1 {[%clk 0:04:25]} Nf8 {[%clk 0:11:34]} 30. Rd6 {[%clk 0:04:38]}
Qe8 {[%clk 0:12:00]} 31. Qb6 {[%clk 0:04:36]} Qe7 {[%clk 0:09:28]} 32. Be2 {[%clk
0:03:45]} Bc8 {[%clk 0:08:46]} 33. Bc4 {[%clk 0:03:25]} Rd7 {[%clk 0:08:16]} 34.
Rd5 {[%clk 0:01:58]} g5 {[%clk 0:06:56]} 35. Rxd7 {[%clk 0:01:21]} Nxd7 {[%clk
0:06:13]} 36. Qc7 {[%clk 0:01:17]} Qe8 {[%clk 0:06:41]} 37. c6 {[%clk 0:01:16]}
bxc6 {[%clk 0:06:54]} 38. Qxc6 {[%clk 0:01:44]} gxh4 {[%clk 0:07:17]} 39. gxh4
{[%clk 0:01:54]} Kg7 {[%clk 0:07:15]} 40. Bxa6 {[%clk 0:01:05]} Qh5 {[%clk
0:06:12]} 41. Be2 {[%clk 0:16:06]} Qxe2 {[%clk 0:32:26]} 42. Qxc8 {[%clk
0:16:20]} Qg4 {[%clk 0:30:45]} 43. Bxh6+ {[%clk 0:09:00]} Kh7 {[%clk 0:28:19]}
44. Bd2 {[%clk 0:09:07]} Qxh4+ {[%clk 0:26:30]} 45. Kg1 {[%clk 0:09:36]} Qg4+
{[%clk 0:10:19]} 46. Kf1 {[%clk 0:10:04]} Qd1+ {[%clk 0:08:44]} 47. Be1 {[%clk
0:10:25]} Qd3+ {[%clk 0:08:57]} 48. Kg1 {[%clk 0:10:32]} Qd1 {[%clk 0:09:23]} 49.
Kf1 {[%clk 0:10:31]} Qd3+ {[%clk 0:09:50]} 50. Kg1 {[%clk 0:11:01]} Qd1 {[%clk
0:10:13]} 51. Qc3 {[%clk 0:09:52]} Nc5 {[%clk 0:10:41]} 52. Qxc5 {[%clk 0:07:58]}
Qxe1+ {[%clk 0:11:03]} 53. Kh2 {[%clk 0:08:22]} Qxe4 {[%clk 0:09:54]} 54. Qe3
{[%clk 0:07:37]} Qc4 {[%clk 0:08:36]} 55. Qa3 {[%clk 0:06:55]} Qf4+ {[%clk
0:08:23]} 56. Kg2 {[%clk 0:06:44]} Qg4+ {[%clk 0:08:21]} 57. Qg3 {[%clk 0:06:50]}
Qc4 {[%clk 0:08:10]} 58. Qf3 {[%clk 0:06:47]} Kg6 {[%clk 0:07:02]} 59. Qa8 {[%clk
0:05:31]} Qg4+ {[%clk 0:06:28]} 60. Kh2 {[%clk 0:05:50]} Qh5+ {[%clk 0:04:29]}
61. Kg3 {[%clk 0:06:03]} Qg5+ {[%clk 0:04:40]} 62. Kh2 {[%clk 0:05:36]} Qh5+
{[%clk 0:04:58]} 63. Kg3 {[%clk 0:05:53]} Qg5+ {[%clk 0:05:27]} 64. Kf3 {[%clk
0:06:22]} Qf4+ {[%clk 0:05:49]} 65. Ke2 {[%clk 0:06:46]} Qc4+ {[%clk 0:06:10]}
66. Kd2 {[%clk 0:06:03]} Qd4+ {[%clk 0:06:28]} 67. Ke1 {[%clk 0:06:16]} Qc3+
{[%clk 0:06:27]} 68. Ke2 {[%clk 0:05:35]} Qc4+ {[%clk 0:06:44]} 69. Kf3 {[%clk
0:05:40]} Qf4+ {[%clk 0:07:07]} 70. Kg2 {[%clk 0:06:09]} Qg4+ {[%clk 0:07:17]}
71. Kh1 {[%clk 0:06:20]} Qh5+ {[%clk 0:07:36]}  1/2-1/2